000 00368nam a2200145Ia 4500
003 OSt
005 20240329111836.0
008 170523s9999 xx 000 0 und d
020 _a 978-0470024119
040 _cIIMT UNIVERSITY MEERUT
100 _aEtten- Wim C. Van
245 0 _aIntroduction to Random Signals and Noise
260 _aWiley India
942 _2ddc
_c02
999 _c12428
_d12428